| 000 | 00933nas a2200265 4500 | ||
|---|---|---|---|
| 001 | BR7902479 | ||
| 003 | BR-BrBNA | ||
| 005 | 20231205083713.0 | ||
| 007 | ta | ||
| 008 | 230509b bl.|||p| |||| 00| 00por d | ||
| 040 |
_aBR-BrBNA _bpor _cBiblioteca Nacional de Agricultura |
||
| 041 | _a(Pt) | ||
| 072 | _aF70 | ||
| 100 | 1 | _aGirardi-Deiro, A.M. | |
| 100 | 1 | _aKampf, A.N. | |
| 245 | 1 | _aComposicao botanica dos campos naturais das estacoes experimentais da Secretaria da Agricultura - 2. etapa: Estacao Experimental Fitotecnica de Bage, Rio Grande do Sul [Brasil] | |
| 650 | _aTAXONOMIA VEGETAL | ||
| 650 | _aPASTAGEM NATURAL | ||
| 650 | _aFLORA | ||
| 650 | _aBAGE | ||
| 650 | _aRIO GRANDE DO SUL | ||
| 773 | 0 |
_tAnuario Tecnico do Instituto de Pesquisas Zootecnicas Francisco Osorio (Brazil) _xISSN 0100-2546 _g(Aug 1978), v. 5(1) p. 203-223 _wBR7902479 |
|
| 909 |
_a202311 _bLúcia _c55 _dLúcia Elande |
||
| 942 |
_2AGRIS _n0 _cANA |
||
| 999 |
_c100670 _d100670 |
||